|
|
|
|
| LEADER |
00913pam a22002418a 4500 |
| 001 |
00023864 |
| 008 |
110701s1986 ||||||Viesd |
| 005 |
20171026081023.0 |
| 041 |
0 |
# |
|a Vie
|
| 082 |
1 |
4 |
|a 930
|b L302S
|
| 100 |
0 |
# |
|a Nguyễn Văn Hồng
|
| 245 |
0 |
0 |
|a Lịch sử cận đại thế giới
|c Vũ Dương Ninh, Nguyễn Văn Hồng, Võ Mai Bạch Tuyết
|n Quyển 1
|
| 260 |
# |
# |
|a H.
|b Đại học và Trung học chuyên nghiệp
|c 1986
|
| 300 |
# |
# |
|a 495 tr.
|c 19 cm.
|
| 653 |
# |
# |
|a Lịch sử cận đại
|
| 653 |
# |
# |
|a lịch sử
|
| 653 |
# |
# |
|a Lịch sử thế giới
|
| 700 |
0 |
# |
|a Nguyễn Văn Hồng
|e tác giả
|
| 700 |
0 |
# |
|a Võ Mai Bạch Tuyết
|e tác giả
|
| 852 |
# |
# |
|j KD.0001182
|
| 852 |
# |
# |
|b Kho đọc
|j KD.0001182
|
| 910 |
0 |
# |
|a ngọc
|d 01/07/2011
|
| 980 |
# |
# |
|a Trung tâm Học liệu Lê Vũ Hùng, Trường Đại học Đồng Tháp
|